=LDR 00000nam 2200000 4500 =001 INLIS000000000037201 =005 20130612142937 =008 ***********************************Ind** =035 ##$$0010-061300000037201 =041 ##$$a Ind =082 ##$$a F Rom K =090 ##$$a F Rom K, Les d =100 ##$$a Lesmana, Merlinda =245 ##$$a Deep in the ocean with mermaid, Merlinda Lesmana =260 ##$$a 2009 $b Jakarta =300 ##$$a 12 hlm, ilus, 29 cm =650 ##$$a Fiksi Kanak-kanak =850 ##$$a NBPNMAT